The political economy of communism

Uloženo v:
Podrobná bibliografie
Hlavní autor: Wiles, P. J. D.
Médium: Kniha
Jazyk:Undetermined
Vydáno: Oxford Basil Blackwell 1964
Témata:
Tagy: Přidat tag
Žádné tagy, Buďte první, kdo otaguje tento záznam!
Thư viện lưu trữ: Trung tâm Học liệu Trường Đại học Cần Thơ
LEADER 00484nam a2200181Ia 4500
001 CTU_80343
008 210402s9999 xx 000 0 und d
082 |a 335.43 
082 |b W667 
100 |a Wiles, P. J. D. 
245 4 |a The political economy of communism 
245 0 |c P. J. D. Wiles 
260 |a Oxford 
260 |b Basil Blackwell 
260 |c 1964 
650 |a Communism,Economics 
904 |i Trọng Hải 
980 |a Trung tâm Học liệu Trường Đại học Cần Thơ